000 00648nam a2200241 a 4500
003 AR-BaBNM
005 20251128203313.0
008 082120s2002 ||||||||||||||000 | spa||
040 _cAR-BaBNM
100 1 _aJofre Barroso, Haydée M.
245 0 0 _aLos hijos del miedo
_breportaje a las supersticiones y creencias del porteño
260 _aBuenos Aires
_bEmecé
_c1975
300 _a256 p.
650 4 _aFOLKLORE
650 4 _aBRUJERIA
650 4 _aANTROPOLOGIA CULTURAL Y SOCIAL
650 4 _aCOSTUMBRES Y TRADICIONES
650 4 _aCULTURAS POPULARES
650 4 _aMAGIA
650 4 _aSUPERSTICION
942 _cBK
998 _cMARTIN
999 _c2801
_d2801